Paolo Poli /

I tiakina i:
Ngā taipitopito rārangi puna kōrero
Kaituhi matua: Di Giammarco, Rodolfo (Author)
Hōputu: Pukapuka
Reo:Itāriana
I whakaputaina: Roma : Gremese, 1985
Rangatū:Teatro italiano ; 4
Ngā marau:
Ngā Tūtohu: Tāpirihia he Tūtohu
Kāore He Tūtohu, Me noho koe te mea tuatahi ki te tūtohu i tēnei pūkete!

MARC

LEADER 00000nam a22000007i 4500
001 IT\ICCU\TO0\0005998
003 ItRI
005 20260115231924.0
008 890330s1985 it |||||| ||||| |||||c
020 |a 8876051333 
040 |b ita  |c importazione bologna sebina 
041 7 |a ita  |2 ISO-639-2 
082 |a 792.028092  |9 TEATRO. RECITAZIONE ED ESECUZIONE. Persone  |2 23 
100 1 |a Di Giammarco, Rodolfo  |0 IT\ICCU\CFIV\117780  |4 aut 
245 1 0 |a Paolo Poli /  |c Rodolfo Di Giammarco. 
260 |a Roma :  |b Gremese,  |c 1985 
300 |a 127 p. :  |b ill. ;  |c 28 cm 
650 7 |a POLI PAOLO  |2 scbi 
790 1 |a Giammarco, Rodolfo  |3 IT\ICCU\MILV\208962  |z Di Giammarco, Rodolfo 
830 0 |a Teatro italiano ;  |v 4  |0 IT\ICCU\TO0\0004649 
942 |2 ddc  |c BK  |n 0 
952 |0 0  |1 0  |4 0  |6 DOC_792_028000000000000_DIG  |7 0  |9 16573  |a BO  |b BO  |d 2026-01-15  |i 2163  |l 0  |o DOC 792.028 DIG  |p BO2163  |r 2026-01-15 23:19:24  |w 2026-01-15  |x [Sebina 7] [1 v.]  |y BK  |z 1 v. 
999 |c 14186  |d 14186